Catálogo

Diccionario de filosofía / (Registro nro. 24083)

Detalles MARC
000 -LEADER
fixed length control field 01368cam a2200361 i 4500
001 - CONTROL NUMBER
control field 24083
003 - CONTROL NUMBER IDENTIFIER
control field Mx-PuUPA
005 - DATE AND TIME OF LATEST TRANSACTION
control field 20250609150519.0
008 - FIXED-LENGTH DATA ELEMENTS--GENERAL INFORMATION
fixed length control field 140415s1988 sp gr 001 0 spa d
017 ## - COPYRIGHT OR LEGAL DEPOSIT NUMBER
Copyright or legal deposit number B. 558-1988
020 ## - INTERNATIONAL STANDARD BOOK NUMBER
International Standard Book Number 8425401461
Qualifying information rústica
040 ## - CATALOGING SOURCE
Original cataloging agency Mx-PuUPA
Language of cataloging spa
Transcribing agency Mx-PuUPA
Modifying agency Mx-PuUPA
Description conventions rda
041 1# - LANGUAGE CODE
Language code of text/sound track or separate title spa
Language code of original ger
240 1# - UNIFORM TITLE
Uniform title Philosophisches Wörterbuch.
Language of a work Español
245 10 - TITLE STATEMENT
Title Diccionario de filosofía /
Statement of responsibility, etc. Walter Brugger ; versión castellana de J.M. Vélez Cantarell y R. Gabás
250 ## - EDITION STATEMENT
Edition statement Undécima edición
264 #1 - PRODUCTION, PUBLICATION, DISTRIBUTION, MANUFACTURE, AND COPYRIGHT NOTICE
Place of production, publication, distribution, manufacture Barcelona :
Name of producer, publisher, distributor, manufacturer Editorial Herder,
Date of production, publication, distribution, manufacture, or copyright notice 1988
-- ©1983
300 ## - PHYSICAL DESCRIPTION
Extent 734 páginas ;
Dimensions 22 cm
336 ## - CONTENT TYPE
Fuente rdacontent
Content type term texto
Content type code txt
337 ## - MEDIA TYPE
Source rdamedia
Media type term sin medio
Media type code n
338 ## - CARRIER TYPE
Source rdacarrier
Carrier type term volumen
Carrier type code nc
490 0# - SERIES STATEMENT
Series statement Biblioteca Herder ;
-- Sección de Teología y Filosofía ;
Volume/sequential designation 1
650 #7 - SUBJECT ADDED ENTRY--TOPICAL TERM
Source of heading or term armarc
Topical term or geographic name entry element Filosofía
Form subdivision Diccionarios
655 ## - INDEX TERM--GENRE/FORM
Genre/form data or focus term Diccionario
700 1# - ADDED ENTRY--PERSONAL NAME
Personal name Brugger, Walter,
Relator term editor
700 1# - ADDED ENTRY--PERSONAL NAME
Personal name Vélez Cantarell, J. M.,
Relator term traductor
700 1# - ADDED ENTRY--PERSONAL NAME
Personal name Gabás, R.,
Relator term traductor
765 0# - ORIGINAL LANGUAGE ENTRY
Main entry heading Brugge, Walter
Title Philosophisches Wörterbuch
Edition 15a edición
Place, publisher, and date of publication Friburgo de Brisgovia, Alemania : Verlag Herder KG, 1978
942 ## - ADDED ENTRY ELEMENTS (KOHA)
Source of classification or shelving scheme Dewey Decimal Classification
Koha item type Libro
Classification part 103
Item part D5418
Existencias
Withdrawn status Lost status Source of classification or shelving scheme Damaged status Not for loan Collection code Home library Current library Shelving location Date acquired Source of acquisition Cost, normal purchase price Total Checkouts Full call number Barcode Date last seen Cost, replacement price Price effective from Koha item type
    Dewey Decimal Classification     Referencia Biblioteca Karol Wojtyla Biblioteca Karol Wojtyla Área de silencio 29/11/2024 Donación 0.00   103 D5418 1988 62676 05/01/2026 0.00 03/12/2013 Libro R